| 000 | 01080aam a2200325 i 4500 | ||
|---|---|---|---|
| 001 | 68794 | ||
| 003 | Mx-PuUPA | ||
| 005 | 20241003132231.0 | ||
| 008 | 241003s2015 mx a|||gr|||| 00| 0 spa d | ||
| 020 | _a9786072418011 | ||
| 040 |
_aMx-PuUPA _bspa _cMx-PuUPA _dMx-PuUPA _erda |
||
| 041 | 0 | _aspa | |
| 100 | 1 |
_aArciniegas, Triunfo, _913431 _eautor |
|
| 245 | 1 | 3 |
_aLa casa de chocolate / _cTriunfo Arciniegas ; ilustraciones de Érika Martínez |
| 250 | _aSegunda edición | ||
| 264 | 1 |
_aMéxico, D.F. : _bSM de Ediciones, _c2015 |
|
| 300 |
_a56 páginas : _bilustraciones ; _c19 cm |
||
| 336 |
_2rdacontent _atexto _btxt |
||
| 336 |
_2rdacontent _aimagen fija _bsti |
||
| 337 |
_2rdamedia _asin medio _bn |
||
| 338 |
_2rdacarrier _avolumen _bnc |
||
| 490 | 1 |
_aEl barco de vapor. Azul ; _v19 M |
|
| 650 | 7 |
_2armarc _aTeatro |
|
| 650 | 7 |
_2armarc _aLiteratura infantil |
|
| 700 | 1 |
_aMartínez, Érika, _eilustrador |
|
| 830 | 3 |
_aEl barco de vapor. _pAzul _x9789687791760 _v19 M |
|
| 942 |
_2ddc _cLI _h862 _iB2719 |
||
| 999 |
_c68794 _d68794 |
||